000 00925nmc a2200337 a 4500
003 AR-BaBNM
005 20251128204631.0
008 206019s1985 ||||||||||||||000 | spa||
020 _a950-581-032-8
040 _cAR-BaBNM
100 1 _aCervantes Saavedra, Miguel de
245 1 0 _aEl licenciado Vidriera
250 _a1ª ed.
260 _aBuenos Aires
_bColihue
_c1985
300 _a76 p.
490 0 _aLeer y crear
_vv. 32
500 _aContiene índice general
500 _aPropuestas de trabajo para los alumnos
500 _aBiografía del autor
504 _aBibliografía del autor y de la obra
650 4 _aANALISIS LITERARIO
650 4 _aLITERATURA ESPANOLA
653 _aEDUCACION SECUNDARIA
653 _aENSENANZA DE LA LITERATURA
653 _aBARROCO
653 _aSIGLO DE ORO
655 _aLITERATURA
800 1 _aPetruzzi, Herminia
_edirector
942 _cBK
998 _cisola
999 _c8162
_d8162